Seaside circles = (Record no. 267195)
[ view plain ]
| 000 -LEADER | |
|---|---|
| fixed length control field | 01279nam a2200337 a 4500 |
| 001 - CONTROL NUMBER | |
| control field | mlg56260398 |
| 003 - CONTROL NUMBER IDENTIFIER | |
| control field | KyBuM |
| 005 - DATE AND TIME OF LATEST TRANSACTION | |
| control field | 20200320182500.0 |
| 008 - FIXED-LENGTH DATA ELEMENTS--GENERAL INFORMATION | |
| fixed length control field | 060130s2006 njua j 000 0 eng d |
| 010 ## - LIBRARY OF CONGRESS CONTROL NUMBER | |
| LC control number | 2004095984 |
| 020 ## - INTERNATIONAL STANDARD BOOK NUMBER | |
| International Standard Book Number | 1596460342 |
| 040 ## - CATALOGING SOURCE | |
| Original cataloging agency | KyBuM |
| Transcribing agency | KyBuM |
| 041 0# - LANGUAGE CODE | |
| Language code of text/sound track or separate title | engspa |
| 082 14 - DEWEY DECIMAL CLASSIFICATION NUMBER | |
| Classification number | 516 |
| Edition number | 14 |
| 100 1# - MAIN ENTRY--PERSONAL NAME | |
| Personal name | Dingles, Molly. |
| 9 (RLIN) | 5843812 |
| 245 10 - TITLE STATEMENT | |
| Title | Seaside circles = |
| Remainder of title | Circulos a la orilla del mar / |
| Statement of responsibility, etc | written by Molly Dingles ; illustrated by Neale Brodie. |
| 246 33 - VARYING FORM OF TITLE | |
| Title proper/short title | Circulos a la orilla del mar |
| 260 ## - PUBLICATION, DISTRIBUTION, ETC. (IMPRINT) | |
| Place of publication, distribution, etc | Sea Girt, N.J. : |
| Name of publisher, distributor, etc | Dingles & Co., |
| Date of publication, distribution, etc | c2006. |
| 300 ## - PHYSICAL DESCRIPTION | |
| Extent | [31] p. : |
| Other physical details | col. ill. ; |
| Dimensions | 20 cm. |
| 440 #0 - SERIES STATEMENT/ADDED ENTRY--TITLE | |
| Title | Community of shapes |
| 9 (RLIN) | 5843813 |
| 520 ## - SUMMARY, ETC. | |
| Summary, etc | This book focuses on circles and introduces wagon wheels, a sandwich bun, a beach ball, the sun, a sand dollar, oranges, a volleyball, and scoops of ice cream. |
| 521 2# - TARGET AUDIENCE NOTE | |
| Target audience note | K-3 |
| Source | Medialog, Inc. |
| 650 #7 - SUBJECT ADDED ENTRY--TOPICAL TERM | |
| Topical term or geographic name as entry element | Circle. |
| Source of heading or term | sears |
| 9 (RLIN) | 5843814 |
| 650 #7 - SUBJECT ADDED ENTRY--TOPICAL TERM | |
| Topical term or geographic name as entry element | Shape. |
| Source of heading or term | sears |
| 9 (RLIN) | 5843815 |
| 650 #7 - SUBJECT ADDED ENTRY--TOPICAL TERM | |
| Topical term or geographic name as entry element | Bilingual books |
| General subdivision | English-Spanish. |
| Source of heading or term | sears |
| 9 (RLIN) | 5843816 |
| 700 1# - ADDED ENTRY--PERSONAL NAME | |
| Personal name | Brodie, Neale, |
| Relator term | ill. |
| 9 (RLIN) | 5843817 |
| 942 ## - ADDED ENTRY ELEMENTS (KOHA) | |
| Koha item type | BOOK |
| 948 ## - LOCAL PROCESSING INFORMATION (OCLC); SERIES PART DESIGNATOR (RLIN) | |
| Series part designator, SPT (RLIN) | 05/13/2008 |
| z (OCLC) | Sirsi |
| 949 10 - LOCAL PROCESSING INFORMATION (OCLC) | |
| d | 516 Din |
| p | 9.95 |
| 996 ## - | |
| -- | 62888 |
| -- | 34301000725970 |
| -- | SPE |
| -- | bk |
| -- | wcl |
| -- | i |
| -- | 16 |
| -- | 9.95 |
| -- | Gumdrop |
| -- | Din |
| -- | 05/19/2008 |
| -- | 10/26/2018 |
| -- | 10/12/2018 |
| Withdrawn status | Lost status | Source of classification or shelving scheme | Damaged status | Not for loan | Collection code | Home library | Current library | Shelving location | Date acquired | Cost, normal purchase price | Total Checkouts | Full call number | Barcode | Date last seen | Date checked out | Cost, replacement price | Price effective from | Koha item type |
|---|---|---|---|---|---|---|---|---|---|---|---|---|---|---|---|---|---|---|
| Dewey Decimal Classification | Spanish Children NonFiction | Wasatch County Library | Wasatch County Library | First Floor | 05/19/2008 | 9.95 | 17 | E Matemáticas Formas Dingles | 34301000725970 | 10/09/2025 | 05/31/2022 | 9.95 | 03/20/2020 | BOOK |
